000 01821nam0a22002891 4500
001 rc\3354796
005 20250609183242.0
035 _a(NLR Aleph) 007438423
090 _a7089819
_c7089819
100 _a20130115d1971 |||y0rusy50 ca
101 0 _arus
102 _aRU
105 _ay z |||||
200 1 _aОсновные задачи технического прогресса транспортного строительства в обеспечении развития сети путей сообщения Сибири и Дальнего Востока
_e[Тезисы доклада]
210 _aНовосибирск
_cБ. и.
_d1971
215 _a7 с.
_d22
225 1 _aАН СССР. Постоянная комиссия по научным проблемам развития транспорта. Институт экономики и организации промышленного производства Сибирского отделения. Центральный экономико-математический институт. Вторая Всесоюзная конференция по развитию и оптимизации транспортных сетей. Тезисы докладов
_fПленарное заседание
300 _aОписано по 1-й с. На обл. только подзаголовок
333 _aДля служебного пользования. Экз. № 6
700 1 _4070
_7ca
_8rus
_aЛевин
_bБ. И.
_cканд. техн. наук, транспорт
_f1904-1976
_gБорис Иосифович
_9253700
_3RU\NLR\AUTH\770253756
701 1 _aПереселенков
_bГ.С.
801 0 _aRU
_bNLR
_gpsbo
801 1 _aRU
_bELAR
_2rusmarc
852 _aNLR
_j72-50К/359
942 _cBOOK
980 _aNB